|
|
|
|
| LEADER |
03085nam a2200793 i 4500 |
| 001 |
nkc20243627338 |
| 003 |
CZ PrNK |
| 005 |
20250407093211.0 |
| 007 |
ta |
| 008 |
240821s2024 xr ach e 000 0dcze |
| 015 |
|
|
|a cnb003627338
|
| 020 |
|
|
|a 978-80-88052-42-5
|q (brožováno)
|
| 035 |
|
|
|a (OCoLC)1519101285
|
| 040 |
|
|
|a BOA001
|b cze
|e rda
|
| 041 |
1 |
|
|a cze
|a eng
|h cze
|
| 043 |
|
|
|a e-cs---
|a e-gx---
|a e-xr---
|b e-xr-us
|2 czenas
|
| 045 |
|
|
|a x3x4
|
| 072 |
|
7 |
|a 355/359
|x Vojenství. Obrana země. Ozbrojené síly
|2 Konspekt
|9 15
|
| 072 |
|
7 |
|a 929
|x Biografie
|2 Konspekt
|9 8
|
| 080 |
|
|
|a 355.092
|2 MRF
|
| 080 |
|
|
|a 323.28-051
|2 MRF
|
| 080 |
|
|
|a 343.819.5
|2 MRF
|
| 080 |
|
|
|a 355.48(100)"1939/1945"
|2 MRF
|
| 080 |
|
|
|a 929
|2 MRF
|
| 080 |
|
|
|a (437)
|2 MRF
|
| 080 |
|
|
|a (430)
|2 MRF
|
| 080 |
|
|
|a (437.315)
|2 MRF
|
| 080 |
|
|
|a (0:82-94)
|2 MRF
|
| 080 |
|
|
|a (093)
|2 MRF
|
| 080 |
|
|
|a (084.11)
|2 MRF
|
| 100 |
1 |
|
|a Procházková, Hana
|7 pna20251254578
|4 aut
|
| 245 |
1 |
0 |
|a Nezlomeni =
|b The unbroken /
|c Hana Procházková ; překlad do angličtiny Jan Valeška
|
| 246 |
1 |
|
|i Název v tiráži:
|a Osudy příslušníků Československé armády v době druhé světové války =
|b The fates of the Czechoslovak Army officers during World War II
|
| 246 |
3 |
|
|a Fates of the Czechoslovak Army officers during World War II
|
| 246 |
3 |
1 |
|a Unbroken
|
| 250 |
|
|
|a 1. vydání
|
| 264 |
|
1 |
|a Terezín :
|b Památník Terezín,
|c 2024
|
| 300 |
|
|
|a 81 stran :
|b ilustrace (některé barevné), portréty, faksimile ;
|c 26 cm
|
| 336 |
|
|
|a text
|b txt
|2 rdacontent
|
| 336 |
|
|
|a statický obraz
|b sti
|2 rdacontent
|
| 337 |
|
|
|a bez média
|b n
|2 rdamedia
|
| 338 |
|
|
|a svazek
|b nc
|2 rdacarrier
|
| 500 |
|
|
|a Název z obálky
|
| 500 |
|
|
|a 300 výtisků
|
| 546 |
|
|
|a Souběžný anglický text
|
| 610 |
2 |
7 |
|a Terezín (koncentrační tábor)
|7 kn20010710647
|2 czenas
|
| 648 |
|
7 |
|a 1939-1945
|7 ch460653
|2 czenas
|
| 650 |
0 |
7 |
|a důstojníci
|7 ph137790
|z Československo
|y 1939-1945
|2 czenas
|
| 650 |
0 |
7 |
|a političtí vězni
|7 ph124262
|z Německo
|y 1939-1945
|2 czenas
|
| 650 |
0 |
7 |
|a koncentrační tábory
|7 ph121782
|z Česko
|y 1939-1945
|2 czenas
|
| 650 |
0 |
7 |
|a druhá světová válka (1939-1945)
|7 ph117270
|2 czenas
|
| 650 |
0 |
9 |
|a officers
|z Czechoslovakia
|y 1939-1945
|2 eczenas
|
| 650 |
0 |
9 |
|a political prisoners
|z Germany
|y 1939-1945
|2 eczenas
|
| 650 |
0 |
9 |
|a concentration camps
|z Czechia
|y 1939-1945
|2 eczenas
|
| 650 |
0 |
9 |
|a World War (1939-1945)
|2 eczenas
|
| 651 |
|
7 |
|a Terezín (Litoměřice, Česko)
|7 ge131066
|2 czenas
|
| 651 |
|
9 |
|a Terezín Region (Litoměřice, Czechia)
|2 eczenas
|
| 655 |
|
7 |
|a medailony
|7 fd185951
|2 czenas
|
| 655 |
|
7 |
|a dokumenty
|7 fd132064
|2 czenas
|
| 655 |
|
7 |
|a obrazové publikace
|7 fd132947
|2 czenas
|
| 655 |
|
9 |
|a biographical portraits
|2 eczenas
|
| 655 |
|
9 |
|a documents
|2 eczenas
|
| 655 |
|
9 |
|a pictorial works
|2 eczenas
|
| 700 |
1 |
|
|a Valeška, Jan
|7 ola2004228806
|4 trl
|
| 910 |
2 |
|
|a BOA001
|b 3-1541.110
|
| 990 |
|
|
|a BK
|
| 995 |
|
|
|a 01
|
| 991 |
|
|
|b 202503
|c NOV
|
| 996 |
6 |
|
|b 2610995674
|c 3-1541.110
|l MZK
|r Sklad / do 1 hodiny
|n 0
|p p.v.
|w 001996335
|u 000010
|a 1
|e BOA001
|j MZK50
|s P
|